| Поле | Инд. | ПП | Название | Значение |
|---|---|---|---|---|
| Тип записи | a | |||
| Библиографический уровень | m | |||
| 001 | Контрольный номер | RU/LIBMSTU/229614714 | ||
| 005 | Дата корректировки | 20160127114400.8 | ||
| 008 | Кодируемые данные | 070416|||||||||ru |||||||||||000|||rus|| | ||
| 020 | a | ISBN | 5-93295-237-7 | |
| c | Цена, тираж | 56-00 | ||
| 040 | b | Код языка каталог. | rus | |
| e | Правила каталог. | RSBO | ||
| 041 | a | Код языка текста | rus | |
| 084 | a | Индекс другой классификации/Индекс ББК | 67.410.2+67.410.212 | |
| 090 | a | Полочн. индекс | 67.410.2 | |
| x | Авторский знак | Н 48 | ||
| 100 | 1_ | a | Автор | Некрасов С. В. |
| 245 | 10 | a | Заглавие | Правовые вопросы возбуждения уголовного дела и предварительного расследования |
| b | Продолж. заглавия | учеб.-метод. пособие | ||
| 260 | a | Место издания | Москва | |
| b | Издательство | Юрлитинформ | ||
| c | Дата издания | 2006 | ||
| 300 | a | Объем | 191, [3] с. | |
| 440 | a | Серия | Библиотека криминалиста | |
| 650 | a | Основная рубрика | Уголовное процессуальное право Российской Федерации-Методические пособия | |
| 653 | a | Ключевые слова | Возбуждение уголовного дела | |
| a | Ключевые слова | Предварительное расследование | ||
| a | Ключевые слова | Уголовный процесс | ||
| 700 | a | Другие авторы | Кесареева Т. П. | |
| 901 | t | Тип документа | m | |
| 952 | c | Вид литературы | учебно-методическое издание |